| 000 | 00739nam a2200253Ia 4500 | ||
|---|---|---|---|
| 001 | dia_1830 | ||
| 003 | CHAP | ||
| 005 | 20251023164042.0 | ||
| 008 | 220117s1990 xx 000 0 und d | ||
| 010 | _a172369 | ||
| 040 | _cCHAP | ||
| 082 | _a631.56 L6 | ||
| 100 |
_aLópez Gómez, Antonio _967939 |
||
| 245 |
_aDiseño de Industrias Agroalimentarias / _c por Antonio López Gómez |
||
| 260 |
_aMadrid, España : _b A.Madrid Vicente, Ediciones, _c1990 |
||
| 300 | _a210 p. | ||
| 500 | _aI.163062 | ||
| 650 |
_a1.Ingeniería agrícola/ _9151640 |
||
| 650 |
_aAlimentos _xtecnología. _94284 |
||
| 901 | _a631.56 L6 | ||
| 902 | _aM | ||
| 905 | _a0000001990 MADA 0000000000SPA00 | ||
| 942 |
_cLIBRO _2ddc |
||
| 999 |
_c172369 _d172369 |
||